Statistics for Countries of the World Quiz in Spoonish

Click here to take the quiz!

General Stats

  • This quiz has been taken 27 times
  • The average score is 15 of 196

Answers on the Map

Answers color-coded by a green-red scale on the quiz's map according to % correct below.
Loading ...
 

Answer Stats

Country% Correct
Spoon
92%
Spoona
69%
Russpoon
58%
Spoonin
42%
United Spoons
42%
Chinaspoon
38%
Icespoon
35%
Mexispoon
35%
Franspoon
31%
Spoonland
31%
Indispoon
27%
Irespoon
27%
North Spoon
27%
Pakispoon
23%
Portuspoon
23%
South Spoon
23%
Afghanispoon
19%
Japspoon
19%
Kazakhspoon
19%
Kyrgyzspoon
19%
Madagaspoon
19%
Spoonga
19%
Tajikispoon
19%
Turkmenispoon
19%
Australspoon
15%
Bolivispoon
15%
Paraspoon
15%
Spoongolia
15%
Spoonzil
15%
Thaispoon
15%
Camerspoon
12%
Luxemspoon
12%
Papua New Spoon
12%
Spoonalia
12%
Spoonaly
12%
Spoonbia
12%
Spoongeria
12%
Spoonji
12%
Spoon Man
12%
Spoonmark
12%
Spoonocco
12%
Spoonria
12%
Switzerspoon
12%
Chadspoon
8%
Cubaspoon
8%
Democratic Republic
of the Spoon
8%
Ecuaspoon
8%
El Spoon
8%
Greespoon
8%
Latvispoon
8%
Netherspoons
8%
New Spoonland
8%
Republic of the Spoon
8%
Spoonama
8%
Spoondorra
8%
Spoonegal
8%
Spoongium
8%
Spoongladesh
8%
Spooniname
8%
Spoonisia
8%
Spoonkey
8%
Spoon Lanka
8%
Spoon Mania
8%
Spoonmany
8%
Spoonoa
8%
Spoon Sudan
8%
Spoonya
8%
Togospoon
8%
Vietspoon
8%
Yemespoon
8%
Azerbaispoon
4%
Bahamaspoon
4%
Barbadospoon
4%
Bhuspoon
4%
Burkina Spoon
4%
Cape Spoon
4%
Cypruspoon
4%
Dominispoon
4%
East Spoon
4%
Equatorial Spoon
4%
Espoonia
4%
Espoontini
4%
Gabspoon
4%
Georgspoon
4%
I Ran From Forks To Spoons
4%
Israspoon
4%
Ivory Spoon
4%
Jamaicaspoon
4%
Jorspoon
4%
Laospoon
4%
Lebaspoon
4%
Liberspoon
4%
Liechtenspoon
4%
Malayspoon
4%
Marshall Spoons
4%
Mauritiuspoon
4%
Montenegspoon
4%
Nigerspoon
4%
Polespoon
4%
Rwandspoon
4%
Saint Spoon
4%
San Spoon
4%
Say Spoon
4%
Sierra Spoon
4%
Slovakspoon
4%
Spoonaco
4%
Spoonagua
4%
Spoonapore
4%
Spoona Rica
4%
Spoonarus
4%
Spoonbabwe
4%
Spoonbodia
4%
Spoonei
4%
Spooneru
4%
Spoonezuela
4%
Spoongola
4%
Spoongypt
4%
Spoonkraine
4%
Spoonorway
4%
Spoon Republic
4%
Spoontar
4%
Spoonuatu
4%
Spoonuru
4%
Taispoon
4%
United King Spoons
4%
Uzbekispoons
4%
Vatican Spoon
4%
Zambispoon
4%
Alspoonia
0%
Antifork and Spoonbuda
0%
Ardentspoonfania
0%
Ausomespoonia
0%
Bahspoonsreign
0%
Bosnispoon and
Spoonegovina
0%
Botspoona
0%
Burspoondi
0%
Central Spoonian Republic
0%
Chilesoupspoon
0%
Croaspoonia
0%
Dominican Spoonpublic
0%
Ethiospoonia
0%
Federated Spoons of
Micronesia
0%
Guinea-Spoonau
0%
Guispoonea
0%
Hait Forks Love Spoons
0%
Honduraspoon
0%
Hungary For Spoons
0%
Indospoonesia
0%
Kospoonovo
0%
Lespoono
0%
Lithuspoonia
0%
Malicious Forks Good Spoons
0%
Mauritspoonia
0%
Melta The Forks And Turn Them to Spoons
0%
Mygreatspoon
0%
Naspoonia
0%
North Spoon Sudan
0%
Philipspoons
0%
Saint Kitts and Spoon
0%
Saint Vincent and the
Spoons
0%
São Spooné and Príncipe
0%
Saudi Spoonia
0%
Slospoonia
0%
Solomon Spoons
0%
South Africspoon
0%
Spoonambique
0%
Spoonarmynia
0%
Spoonbouti
0%
Spoonbya
0%
Spoondives
0%
Spoondova
0%
Spoonemala
0%
Spoonerbia
0%
Spoonganda
0%
Spoongaria
0%
Spoon Grenades
0%
Spoonibati
0%
Spoonidad and Spoonago
0%
Spoonish Macedonia
0%
Spoonitrea
0%
Spoonlau
0%
Spoonlawi
0%
Spoonombia
0%
Spoonoros
0%
Spoonpal
0%
Spoons Canado Anything
0%
Spoons Iraq Up Fork Kills
0%
Spoon Value
0%
Spoonwait
0%
Spoonyana
0%
Sweet Spoon
0%
Tanspoonia
0%
The Fork Lize Spoons Truth
0%
United Arab Spoons
0%
Urugspoons
0%

Score Distribution

Percentile by Number Answered

Percent of People with Each Score

Your Score History

You have not taken this quiz